Portugalci ochkali pri pohľade na košické slečny

Bibliographic Details
Main Author: (jsv) (Author)
Format: Article
Language:Slovak
PhysicalDescription:1 foto
ISSN:1335-4566
Subjects:

MARC

LEADER 00000nab a2200000 a 4500
001 vtls000931212
003 SK-MaSNL
005 20260303034931.0
008 040720e20030704xo 0 slo
035 |a KE40089 
040 |a KEVKJB  |b slo  |c KEVKJB  |e AACR2 
041 0 |a slo 
044 |a xo  |c SK 
080 |a 394.9  |2 1981 
100 0 |a (jsv)  |4 aut  |9 872768 
245 1 0 |a Portugalci ochkali pri pohľade na košické slečny 
300 |b 1 foto 
590 |a Sampaio, Jorge  |b portugalský prezident 
600 1 7 |a Sampaio, Jorge  |2 KEVKJB  |9 1020849 
650 0 7 |a návštevy zahraničné  |2 KEVKJB  |9 873759 
650 0 7 |a program  |2 KEVKJB  |9 873327 
651 7 |a Košice (Slovensko)  |2 KEVKJB  |9 18694 
651 7 |a KE,  |2 KEVKJB  |9 877256 
655 7 |a periodikum  |2 snkbucl  |9 29553 
773 0 8 |t Košický denník Korzár  |g Roč. 6, č.153, 4.7.2003, s. 2  |x 1335-4566 
852 |a ZVYKNI  |b KIS3GCP 
999 |c 1675413  |d 1677343